000 01040nam a2200265Ia 4500
003 OSt
005 20221005110522.0
006 a|||||r|||| 00| 0
007 ta
008 221004b |||||||| |||| 00| 0 hin d
020 _a8177143859 (hbk)
_c800
024 _a100304
037 _b421, 25/03/2010, Swaraj Prakashan
_cTextual
040 _aCRL
_cCRL
_bhin
041 _2hin
_ahin
082 _aO142,3M21,1, L4
100 _aदोज्ञतायेव्स्की, फ़्योदोर
_9168943
245 0 _aअपराध और दंड
246 _aAparādh aur danḍa
260 _aनई दिल्ली
_bप्रकाशन संस्थान भारत
_c1974
300 _a600पृ0
_ccm.
700 _a नरेश ‘नदीम’, अनु.
942 _hO142,3M21,1, L4
_cTEXL
_2cc
999 _c1019065
_d1019065